| 000 | 01808nam a2200529 i 4500 | ||
|---|---|---|---|
| 001 | 45736 | ||
| 003 | KOSZ 005 | ||
| 005 | 20210201081135.0 | ||
| 008 | 990927s1999 pl a f |000 0 pol | ||
| 015 | _aUWD 1999/15797 | ||
| 020 | _a8370178723 | ||
| 035 | _a991011458719705066 | ||
| 035 | _a(PL-WaBN)b13117622-48omnis_nlop | ||
| 035 | _ab13117622 | ||
| 035 | _a(OCoLC)830274051 | ||
| 035 | _a(PL)b0000001311762 | ||
| 035 | _a(EXLNZ-48OMNIS_NETWORK)9910056457705606 | ||
| 040 |
_aWA N _cWA N _dKOSZ 005/HR |
||
| 041 | 0 | _apol | |
| 046 | _k1999 | ||
| 080 | _a551.46 | ||
| 080 | _a543 | ||
| 080 | _a(075.8) | ||
| 100 | 1 |
_aBolałek, Jerzy _d(1954- ) _eAutor |
|
| 245 | 1 | 0 |
_aAnaliza chemiczna wody morskiej. _n[T]. 1, _pMakroskładniki i gazy rozpuszczone w wodzie morskiej / _cJerzy Bolałek, Lucyna Falkowska. |
| 246 | 3 | 0 | _aMakroskładniki i gazy rozpuszczone w wodzie morskiej |
| 260 |
_aGdańsk : _bWydaw. Uniwersytetu Gdańskiego, _c1999. |
||
| 300 |
_a91, [2] s. : _brys. ; _c21 cm. |
||
| 336 |
_aTekst _btxt _2rdacontent |
||
| 337 |
_aBez urządzenia pośredniczącego _bn _2rdamedia |
||
| 338 |
_aWolumin _bnc _2rdacarrier |
||
| 380 | _aKsiążki | ||
| 380 | _aPublikacje dydaktyczne | ||
| 385 |
_mPoziom nauczania _aSzkoły wyższe |
||
| 388 | _a2001- | ||
| 504 | _aBibliogr s. [93]. | ||
| 650 | 7 |
_aChemia analityczna _2DBN |
|
| 650 | 7 |
_aWoda morska _2DBN |
|
| 655 | 7 |
_aPodręczniki akademickie _2DBN |
|
| 658 | _aChemia | ||
| 658 | _aInżynieria i technika | ||
| 700 | 1 |
_aFalkowska, Lucyna _d(1951- ) _eAutor |
|
| 710 | 2 |
_aWydawnictwo Uniwersytetu Gdańskiego _4pbl |
|
| 856 |
_uhttp://koha.tu.koszalin.pl/cgi-bin/koha/opac-detail.pl?biblionumber=45736 _yKatalog online BPK |
||
| 942 |
_2UKD _cKS |
||
| 999 |
_c45736 _d45736 |
||